[Event "Eastern Ontario op"]
[Site "Ottawa CAN"]
[Date "2008.05.31"]
[Round "3"]
[White "Zeromskis, Egidijus"]
[Black "Valdizon, Armando"]
[Result "1/2-1/2"]
[WhiteElo "2154"]
[BlackElo "2291"]
[PlyCount "61"]
[GameId "2160767910354507"]
[EventDate "2008.05.30"]
[EventType "swiss"]
[EventRounds "5"]
[EventCountry "CAN"]
[SourceTitle "EXT 2011"]
[Source "ChessBase"]
[SourceDate "2011.11.26"]
[SourceVersion "1"]
[SourceVersionDate "2011.11.26"]
[SourceQuality "1"]

1. e4 g6 2. Nc3 Bg7 3. d3 c5 4. Be3 d6 5. Qd2 Nc6 6. g3 Rb8 7. Bg2 b5 8. Nge2 Nd4 9. Nd1 Bg4 10. Ng1 b4 11. f3 Bd7 12. c3 bxc3 13. bxc3 Nc6 14. Ne2 Qa5 15. O-O Nf6 16. Bh6 O-O 17. Bxg7 Kxg7 18. Qe3 Rb6 19. f4 Ng4 20. Qf3 f5 21. exf5 gxf5 22. Ne3 Nxe3 23. Qxe3 e6 24. Bxc6 Rxc6 25. g4 fxg4 26. f5 exf5 27. Qe7+ Rf7 28. Qg5+ Kh8 29. Rab1 Rb6 30. Qd8+ Kg7 31. Qg5+ 1/2-1/2

[Event "Eastern Ontario op"]
[Site "Ottawa CAN"]
[Date "2008.06.01"]
[Round "4"]
[White "Gordon, David"]
[Black "Pacey, Kevin"]
[Result "1/2-1/2"]
[WhiteElo "2244"]
[BlackElo "2260"]
[PlyCount "144"]
[GameId "2160767910354508"]
[EventDate "2008.05.30"]
[EventType "swiss"]
[EventRounds "5"]
[EventCountry "CAN"]
[SourceTitle "EXT 2011"]
[Source "ChessBase"]
[SourceDate "2011.11.26"]
[SourceVersion "1"]
[SourceVersionDate "2011.11.26"]
[SourceQuality "1"]

1. d4 c6 2. e4 d5 3. exd5 cxd5 4. c4 Nf6 5. Nc3 g6 6. Bg5 Ne4 7. Nxe4 dxe4 8. Qd2 Bg7 9. f3 Qxd4 10. Qxd4 Bxd4 11. O-O-O Nc6 12. fxe4 h6 13. Bd2 Be6 14. Ne2 Bg7 15. Nf4 Bg4 16. Be2 Bxe2 17. Nxe2 Ne5 18. Bc3 Rc8 19. b3 e6 20. Rd6 O-O 21. h3 Rc7 22. Rhd1 Kh7 23. Kc2 Rfc8 24. Rd8 Rxd8 25. Rxd8 Nc6 26. Rd1 Bxc3 27. Kxc3 Kg7 28. Ng1 Kf6 29. Nf3 Ne5 30. Nd4 a6 31. a4 Nd7 32. Rf1+ Ke7 33. b4 Ne5 34. c5 a5 35. Nb5 axb4+ 36. Kxb4 Rd7 37. Nd6 f6 38. Kb5 Nd3 39. Rd1 Ne5 40. Nc8+ Kd8 41. Rxd7+ Nxd7 42. Nd6 Kc7 43. g4 h5 44. gxh5 gxh5 45. h4 f5 46. exf5 exf5 47. Nxf5 Ne5 48. Ng7 Ng6 49. Nxh5 Nxh4 50. Ng7 Nf3 51. Ne8+ Kb8 52. Kb6 Ne5 53. Nd6 Nd7+ 54. Kb5 Ne5 55. a5 Kc7 56. Ne8+ Kb8 57. Nf6 Kc7 58. Nd5+ Kb8 59. Kb6 Nd7+ 60. Kb5 Ne5 61. a6 bxa6+ 62. Kxa6 Kc8 63. Ka7 Nc6+ 64. Kb6 Ne5 65. Ne7+ Kd7 66. Nf5 Kc8 67. Nd6+ Kd7 68. Kb7 Nd3 69. c6+ Kxd6 70. c7 Nc5+ 71. Kb6 Kd7 72. Kxc5 Kxc7 1/2-1/2

[Event "Eastern Ontario op"]
[Site "Ottawa CAN"]
[Date "2008.06.01"]
[Round "4"]
[White "Zeromskis, Egidijus"]
[Black "Doubleday, William"]
[Result "1-0"]
[WhiteElo "2154"]
[BlackElo "2089"]
[PlyCount "111"]
[GameId "2160767910354509"]
[EventDate "2008.05.30"]
[EventType "swiss"]
[EventRounds "5"]
[EventCountry "CAN"]
[SourceTitle "EXT 2011"]
[Source "ChessBase"]
[SourceDate "2011.11.26"]
[SourceVersion "1"]
[SourceVersionDate "2011.11.26"]
[SourceQuality "1"]

1. e4 c5 2. Nc3 Nc6 3. g3 g6 4. Bg2 Bg7 5. d3 e6 6. Be3 b6 7. Qd2 Bb7 8. Nge2 h5 9. h4 Nge7 10. O-O d6 11. d4 e5 12. d5 Nd4 13. Nc1 f5 14. f3 O-O 15. Nd3 Qd7 16. Bh3 Qe8 17. Kh1 f4 18. gxf4 Bh6 19. f5 Bxe3 20. Qxe3 Kh7 21. Rg1 gxf5 22. Raf1 f4 23. Qf2 Bc8 24. Bxc8 Qxc8 25. Kh2 Rg8 26. Ne1 Qd7 27. Nd1 Rg3 28. Rxg3 fxg3+ 29. Qxg3 Rg8 30. Qh3 Qxh3+ 31. Kxh3 Ng6 32. Rf2 Ne2 33. Ng2 Nef4+ 34. Nxf4 Nxf4+ 35. Kh2 Ng6 36. Kh3 Nf4+ 37. Kh2 Ng6 38. Nc3 a6 39. Rg2 b5 40. Rg5 Kh6 41. Ne2 Rf8 42. Ng3 Rxf3 43. Nf5+ Kh7 44. Rxh5+ Kg8 45. Rg5 Kh7 46. Rh5+ Kg8 47. Nxd6 Rf2+ 48. Kg3 Rxc2 49. Kg4 Rxb2 50. Kf5 c4 51. Kxg6 c3 52. Rg5 c2 53. Kf6+ Kf8 54. Rh5 Kg8 55. Nf7 c1=Q 56. Rh8# 1-0

[Event "Eastern Ontario op"]
[Site "Ottawa CAN"]
[Date "2008.06.01"]
[Round "5"]
[White "Pacey, Kevin"]
[Black "Zeromskis, Egidijus"]
[Result "1/2-1/2"]
[WhiteElo "2260"]
[BlackElo "2154"]
[PlyCount "44"]
[GameId "2160767910354510"]
[EventDate "2008.05.30"]
[EventType "swiss"]
[EventRounds "5"]
[EventCountry "CAN"]
[SourceTitle "EXT 2011"]
[Source "ChessBase"]
[SourceDate "2011.11.26"]
[SourceVersion "1"]
[SourceVersionDate "2011.11.26"]
[SourceQuality "1"]

1. e4 Nf6 2. Nc3 d5 3. exd5 Nxd5 4. Bc4 Nxc3 5. Qf3 e6 6. dxc3 Qf6 7. Qxf6 gxf6 8. Bf4 Bd6 9. Ne2 Bd7 10. O-O-O Bxf4+ 11. Nxf4 Bc6 12. Rhe1 Nd7 13. Bxe6 fxe6 14. Rxe6+ Kd8 15. Rxf6 Kc8 16. Rh6 Ne5 17. Re1 Ng4 18. Rh4 h5 19. Rxh5 Rxh5 20. Nxh5 Kd7 21. f3 Nxh2 22. Rh1 Nxf3 1/2-1/2

[Event "Edmonton Summer op"]
[Site "Edmonton CAN"]
[Date "2008.06.05"]
[Round "1"]
[White "Haynes, Nicolas"]
[Black "Ventura, Jason"]
[Result "1-0"]
[WhiteElo "2238"]
[BlackElo "1895"]
[PlyCount "81"]
[GameId "2160767910350927"]
[EventDate "2008.05.06"]
[EventType "swiss"]
[EventRounds "4"]
[EventCountry "CAN"]
[SourceTitle "EXT 2011"]
[Source "ChessBase"]
[SourceDate "2011.11.26"]
[SourceVersion "1"]
[SourceVersionDate "2011.11.26"]
[SourceQuality "1"]

1. e4 e5 2. Bc4 Nc6 3. Nf3 Bc5 4. d3 d6 5. c3 Qe7 6. Nbd2 Bg4 7. h3 Bh5 8. Nf1 Bb6 9. Ng3 Bg6 10. b4 Nf6 11. O-O Nh5 12. Kh2 Nd8 13. a4 a5 14. Bg5 f6 15. Be3 Bxe3 16. Nxh5 Bh6 17. Ng3 Ne6 18. Qb3 Bf7 19. Nf5 Qd7 20. N3h4 b6 21. Nxh6 gxh6 22. Nf5 h5 23. Nh6 Nd8 24. Nxf7 Nxf7 25. Qd1 axb4 26. cxb4 Ke7 27. Qxh5 Ng5 28. f4 Ne6 29. f5 Nd8 30. Qh6 Nf7 31. Qg7 Qe8 32. Rac1 c5 33. bxc5 dxc5 34. Rb1 Rb8 35. Rb2 Qf8 36. Qxf8+ Kxf8 37. Bxf7 Kxf7 38. Rfb1 Rhd8 39. Rxb6 Ra8 40. Rc1 Rxa4 41. Rxc5 1-0

[Event "Edmonton Summer op"]
[Site "Edmonton CAN"]
[Date "2008.06.05"]
[Round "1"]
[White "Hughey, Micah"]
[Black "Sequillion, Aaron"]
[Result "0-1"]
[WhiteElo "2187"]
[BlackElo "2187"]
[PlyCount "70"]
[GameId "2160767910350928"]
[EventDate "2008.05.06"]
[EventType "swiss"]
[EventRounds "4"]
[EventCountry "CAN"]
[SourceTitle "EXT 2011"]
[Source "ChessBase"]
[SourceDate "2011.11.26"]
[SourceVersion "1"]
[SourceVersionDate "2011.11.26"]
[SourceQuality "1"]

1. e4 e5 2. Nf3 Nc6 3. Bb5 a6 4. Ba4 Nf6 5. O-O Be7 6. Re1 b5 7. Bb3 Bb7 8. c3 d5 9. exd5 Nxd5 10. Nxe5 Nxe5 11. Rxe5 Nf4 12. Qg4 Nd3 13. Qxg7 Rf8 14. Rf5 Qd6 15. Bxf7+ Kd8 16. Na3 Be4 17. Rh5 Qf4 18. Qd4+ Bd6 19. f3 Qxf7 20. Qxe4 Qxh5 21. Qxd3 Qxh2+ 22. Kf2 Qh4+ 23. Kf1 Qh1+ 24. Kf2 Rg8 25. g4 Qh2+ 26. Kf1 Qh3+ 27. Ke1 Rxg4 28. Kd1 Rf4 29. Kc2 Qf5 30. Qxf5 Rxf5 31. d4 Kd7 32. Bd2 Rxf3 33. Rh1 Rh8 34. Rh6 Rf2 35. Kd3 Rxd2+ 0-1

[Event "Edmonton Summer op"]
[Site "Edmonton CAN"]
[Date "2008.06.05"]
[Round "1"]
[White "Mendryk, Wayne"]
[Black "Laboucane, Randy"]
[Result "0-1"]
[WhiteElo "1380"]
[BlackElo "1754"]
[PlyCount "46"]
[GameId "2160767910350929"]
[EventDate "2008.05.06"]
[EventType "swiss"]
[EventRounds "4"]
[EventCountry "CAN"]
[SourceTitle "EXT 2011"]
[Source "ChessBase"]
[SourceDate "2011.11.26"]
[SourceVersion "1"]
[SourceVersionDate "2011.11.26"]
[SourceQuality "1"]

1. d4 Nf6 2. c4 e6 3. Nc3 d5 4. Bg5 Be7 5. e3 O-O 6. Nf3 c6 7. Bd3 h6 8. Bh4 Re8 9. O-O Nbd7 10. e4 Nxe4 11. Bxe7 Nxc3 12. Bxd8 Nxd1 13. Raxd1 Rxd8 14. c5 f6 15. Rfe1 Nf8 16. Re3 b6 17. b4 bxc5 18. bxc5 Rb8 19. Rb1 Rxb1+ 20. Bxb1 Ba6 21. Rb3 Nd7 22. Re3 Rb8 23. Nd2 Rb2 0-1

[Event "Edmonton Summer op"]
[Site "Edmonton CAN"]
[Date "2008.06.05"]
[Round "1"]
[White "Reuter, Gerhard"]
[Black "Borger, Rocky"]
[Result "1-0"]
[WhiteElo "1683"]
[BlackElo "1324"]
[PlyCount "43"]
[GameId "2160767910350931"]
[EventDate "2008.05.06"]
[EventType "swiss"]
[EventRounds "4"]
[EventCountry "CAN"]
[SourceTitle "EXT 2011"]
[Source "ChessBase"]
[SourceDate "2011.11.26"]
[SourceVersion "1"]
[SourceVersionDate "2011.11.26"]
[SourceQuality "1"]

1. e4 c5 2. Nf3 Nc6 3. d4 cxd4 4. Nxd4 Nf6 5. Nc3 d6 6. Be3 g6 7. f3 Bd7 8. Qd2 Bg7 9. g4 Nxg4 10. fxg4 Bxg4 11. Be2 Bd7 12. O-O-O Bh3 13. Nxc6 bxc6 14. Bd4 e5 15. Be3 Ke7 16. Rhg1 Qd7 17. Rg3 a5 18. Rxh3 Qxh3 19. Qxd6+ Ke8 20. Qxc6+ Kf8 21. Bc5+ Kg8 22. Qxa8+ 1-0

[Event "Edmonton Summer op"]
[Site "Edmonton CAN"]
[Date "2008.06.05"]
[Round "1"]
[White "Seehagen, Terry"]
[Black "Thompson, Peter"]
[Result "1-0"]
[WhiteElo "1637"]
[BlackElo "1760"]
[PlyCount "67"]
[GameId "2160767910350932"]
[EventDate "2008.05.06"]
[EventType "swiss"]
[EventRounds "4"]
[EventCountry "CAN"]
[SourceTitle "EXT 2011"]
[Source "ChessBase"]
[SourceDate "2011.11.26"]
[SourceVersion "1"]
[SourceVersionDate "2011.11.26"]
[SourceQuality "1"]

1. e4 c5 2. d4 cxd4 3. c3 Nf6 4. e5 Nd5 5. Nf3 e6 6. cxd4 d6 7. a3 dxe5 8. dxe5 Bc5 9. Qc2 Bb6 10. Bd3 h6 11. O-O O-O 12. Nbd2 Nc6 13. Nc4 Bc7 14. Re1 Qd7 15. Re4 Rd8 16. Rg4 f5 17. Rg3 Kf8 18. Nh4 g5 19. Qe2 Qf7 20. Nf3 Nf4 21. Bxf4 gxf4 22. Rh3 Qg7 23. Re1 Rd5 24. a4 b6 25. Rh5 Bd7 26. Rh4 Rd8 27. Rxf4 Be8 28. Be4 Nd4 29. Qe3 Nxf3+ 30. Bxf3 Rd3 31. Qe2 Qg5 32. g3 Bxa4 33. Nd6 Bc2 34. Qxc2 1-0

[Event "Edmonton Summer op"]
[Site "Edmonton CAN"]
[Date "2008.06.05"]
[Round "1"]
[White "Stark, Mark"]
[Black "Wu, Allan"]
[Result "0-1"]
[WhiteElo "1959"]
[BlackElo "1882"]
[PlyCount "76"]
[GameId "2160767910350933"]
[EventDate "2008.05.06"]
[EventType "swiss"]
[EventRounds "4"]
[EventCountry "CAN"]
[SourceTitle "EXT 2011"]
[Source "ChessBase"]
[SourceDate "2011.11.26"]
[SourceVersion "1"]
[SourceVersionDate "2011.11.26"]
[SourceQuality "1"]

1. d4 Nf6 2. Bg5 e6 3. Nf3 c5 4. c3 d5 5. e3 Nbd7 6. Nbd2 Bd6 7. Bd3 O-O 8. O-O Qc7 9. e4 e5 10. exd5 Nxd5 11. Nc4 exd4 12. cxd4 Bf4 13. dxc5 Nxc5 14. Bxh7+ Kxh7 15. Qxd5 Ne6 16. Bxf4 Nxf4 17. Qe4+ f5 18. Qc2 Rf6 19. b3 Rg6 20. Ne1 Rh6 21. g3 Nh3+ 22. Kg2 Be6 23. Ne3 Qxc2 24. N1xc2 f4 25. Nd1 f3+ 26. Kxf3 Ng5+ 27. Ke2 Bg4+ 28. Ke3 Re8+ 29. Kd2 Re2+ 30. Kc1 Rxh2 31. Nce3 Bh3 32. Rb1 Bxf1 33. Nxf1 Rh1 34. Nfe3 Rxf2 35. a4 Ne4 36. Nd5 Rd2 37. N5e3 Re2 38. Rb2 Rxe3 0-1

[Event "Edmonton Summer op"]
[Site "Edmonton CAN"]
[Date "2008.06.05"]
[Round "1"]
[White "Wihnon, Jason"]
[Black "Johnson, Ron"]
[Result "1-0"]
[WhiteElo "1762"]
[BlackElo "1426"]
[PlyCount "93"]
[GameId "2160767910350934"]
[EventDate "2008.05.06"]
[EventType "swiss"]
[EventRounds "4"]
[EventCountry "CAN"]
[SourceTitle "EXT 2011"]
[Source "ChessBase"]
[SourceDate "2011.11.26"]
[SourceVersion "1"]
[SourceVersionDate "2011.11.26"]
[SourceQuality "1"]

1. e4 e5 2. f4 d5 3. exd5 exf4 4. Nf3 g5 5. Qe2+ Qe7 6. Nxg5 Nf6 7. Nc3 Qxe2+ 8. Bxe2 Bc5 9. Nce4 Nxe4 10. Nxe4 Bb6 11. d3 Na6 12. c3 f5 13. Nf2 Be3 14. Bxe3 fxe3 15. Nh3 Nc5 16. Rf1 Bd7 17. Bh5+ Ke7 18. O-O-O Kd6 19. Rfe1 Ba4 20. b3 Nxb3+ 21. axb3 Bxb3 22. Rxe3 Bxd1 23. Kxd1 a5 24. Nf4 a4 25. Re2 a3 26. Ra2 Ra4 27. g3 Rha8 28. Kd2 b5 29. Bd1 R4a7 30. d4 Rb8 31. Bb3 b4 32. c4 c5 33. dxc5+ Kxc5 34. Ne6+ Kd6 35. Nd4 Rf7 36. Kd3 Re8 37. Ne6 h5 38. c5+ Ke5 39. Nf4 Rc8 40. Re2+ Kf6 41. Re6+ Kg7 42. c6 h4 43. Kc4 hxg3 44. hxg3 Rb8 45. d6 Ra7 46. c7 Rbb7 47. c8=Q 1-0

[Event "Edmonton Summer op"]
[Site "Edmonton CAN"]
[Date "2008.06.12"]
[Round "2"]
[White "McKay, Arnold"]
[Black "Sekuloff, Mike"]
[Result "1-0"]
[WhiteElo "1830"]
[BlackElo "1634"]
[PlyCount "55"]
[GameId "2160767910350935"]
[EventDate "2008.05.06"]
[EventType "swiss"]
[EventRounds "4"]
[EventCountry "CAN"]
[SourceTitle "EXT 2011"]
[Source "ChessBase"]
[SourceDate "2011.11.26"]
[SourceVersion "1"]
[SourceVersionDate "2011.11.26"]
[SourceQuality "1"]

1. d4 d5 2. c4 Nf6 3. Nc3 c6 4. e3 g6 5. Nf3 Bg4 6. Be2 Bxf3 7. Bxf3 Bg7 8. cxd5 cxd5 9. Qb3 e6 10. Qxb7 Nbd7 11. O-O O-O 12. b3 Qe7 13. Qa6 Rfc8 14. Ba3 Qe8 15. Rac1 e5 16. Nxd5 e4 17. Ne7+ Kh8 18. Rxc8 Rxc8 19. Qxc8 exf3 20. Qxe8+ Nxe8 21. gxf3 Bf8 22. d5 Ne5 23. Kg2 Nd3 24. Nxg6+ hxg6 25. Bxf8 Kg8 26. Ba3 f5 27. f4 a5 28. d6 1-0

[Event "Edmonton Summer op"]
[Site "Edmonton CAN"]
[Date "2008.06.12"]
[Round "2"]
[White "Reichert, Wayne"]
[Black "Mendryk, Wayne"]
[Result "0-1"]
[WhiteElo "1208"]
[BlackElo "1380"]
[PlyCount "56"]
[GameId "2160767910350936"]
[EventDate "2008.05.06"]
[EventType "swiss"]
[EventRounds "4"]
[EventCountry "CAN"]
[SourceTitle "EXT 2011"]
[Source "ChessBase"]
[SourceDate "2011.11.26"]
[SourceVersion "1"]
[SourceVersionDate "2011.11.26"]
[SourceQuality "1"]

1. e4 c5 2. Nf3 e6 3. d4 cxd4 4. Nxd4 Nf6 5. Nc3 a6 6. f3 Bc5 7. Be3 Ba7 8. Bc4 Qc7 9. Bb3 Nc6 10. a3 O-O 11. g4 Ne5 12. Rf1 Nc4 13. Bg1 e5 14. Nde2 Bxg1 15. Rxg1 b5 16. Qc1 d6 17. Ba2 Qc5 18. Nd1 Bb7 19. b3 Nxa3 20. Ndc3 b4 21. Na4 Qxc2 22. Qe3 Qc7 23. Kf2 Rad8 24. Rgc1 Qe7 25. Nb6 d5 26. exd5 Nxd5 27. Nxd5 Rxd5 28. Nf4 Qh4+ 0-1

[Event "Edmonton Summer op"]
[Site "Edmonton CAN"]
[Date "2008.06.12"]
[Round "2"]
[White "Reuter, Gerhard"]
[Black "Pedersen, Rick"]
[Result "0-1"]
[WhiteElo "1683"]
[BlackElo "1880"]
[PlyCount "64"]
[GameId "2160767910350937"]
[EventDate "2008.05.06"]
[EventType "swiss"]
[EventRounds "4"]
[EventCountry "CAN"]
[SourceTitle "EXT 2011"]
[Source "ChessBase"]
[SourceDate "2011.11.26"]
[SourceVersion "1"]
[SourceVersionDate "2011.11.26"]
[SourceQuality "1"]

1. e4 d6 2. Nf3 Nf6 3. Nc3 g6 4. d4 Bg7 5. Bc4 O-O 6. O-O Nxe4 7. Nxe4 d5 8. Bd3 dxe4 9. Bxe4 Nd7 10. c3 Nf6 11. Bd3 Bg4 12. h3 Bf5 13. Bf4 c6 14. Re1 Bxd3 15. Qxd3 e6 16. Rad1 Qd5 17. b3 Qf5 18. Qd2 Ne4 19. Nh4 Nxd2 20. Nxf5 Nf3+ 21. gxf3 gxf5 22. Re2 Rad8 23. Rde1 Rd7 24. b4 Re8 25. a4 Kf8 26. Kg2 Bf6 27. Be5 Ke7 28. f4 Rg8+ 29. Kf3 Bh4 30. c4 f6 31. Bxf6+ Bxf6 32. Rxe6+ Kf7 0-1

[Event "Edmonton Summer op"]
[Site "Edmonton CAN"]
[Date "2008.06.12"]
[Round "2"]
[White "Seehagen, Terry"]
[Black "Razzaq, Ali"]
[Result "0-1"]
[WhiteElo "1637"]
[BlackElo "1874"]
[PlyCount "62"]
[GameId "2160767910350938"]
[EventDate "2008.05.06"]
[EventType "swiss"]
[EventRounds "4"]
[EventCountry "CAN"]
[SourceTitle "EXT 2011"]
[Source "ChessBase"]
[SourceDate "2011.11.26"]
[SourceVersion "1"]
[SourceVersionDate "2011.11.26"]
[SourceQuality "1"]

1. d4 d5 2. c4 c6 3. Nf3 Nf6 4. Bg5 Ne4 5. h4 Qa5+ 6. Nbd2 dxc4 7. Qc2 Bf5 8. Qxc4 Na6 9. a3 e6 10. Ra2 Nc7 11. b4 Qb6 12. e3 a5 13. Bd3 Nxd2 14. Rxd2 Bxd3 15. Rxd3 axb4 16. O-O Rxa3 17. Rb1 Rxd3 18. Qxd3 h6 19. Bf4 Nd5 20. Be5 Qa6 21. Qc2 Nc3 22. Rb3 Qc4 23. Qb2 f6 24. Rxc3 Qxc3 25. Qa2 b3 26. Qa8+ Kf7 27. Qxb7+ Be7 28. d5 fxe5 29. d6 Re8 30. Qc7 e4 31. dxe7 exf3 0-1

[Event "Edmonton Summer op"]
[Site "Edmonton CAN"]
[Date "2008.06.12"]
[Round "2"]
[White "Ventura, Jason"]
[Black "Wihnon, Jason"]
[Result "1-0"]
[WhiteElo "1895"]
[BlackElo "1762"]
[PlyCount "97"]
[GameId "2160767910350940"]
[EventDate "2008.05.06"]
[EventType "swiss"]
[EventRounds "4"]
[EventCountry "CAN"]
[SourceTitle "EXT 2011"]
[Source "ChessBase"]
[SourceDate "2011.11.26"]
[SourceVersion "1"]
[SourceVersionDate "2011.11.26"]
[SourceQuality "1"]

1. e4 e5 2. Nf3 Nc6 3. Bb5 Nf6 4. O-O Nxe4 5. Re1 Nd6 6. Bxc6 dxc6 7. Nxe5 Be7 8. d4 O-O 9. Nc3 Be6 10. Bf4 Bf6 11. Ne4 Nxe4 12. Rxe4 Bd5 13. Re3 Bg5 14. Bxg5 Qxg5 15. Rg3 Qf5 16. Qd2 f6 17. Qh6 g5 18. Ng4 Qg6 19. Qh3 Rae8 20. Re3 Rxe3 21. Nxe3 f5 22. c3 g4 23. Qh4 Qf6 24. Qg3 Qd6 25. f4 Qf6 26. h3 h5 27. Nxd5 cxd5 28. Re1 Kf7 29. hxg4 hxg4 30. Qe3 Kg6 31. Qe5 c6 32. b3 Qxe5 33. dxe5 Rd8 34. Kf2 Rh8 35. Ke3 Rh2 36. Rg1 Kf7 37. Kd4 b6 38. a4 Ke6 39. b4 g3 40. a5 Rh4 41. Ke3 c5 42. axb6 axb6 43. bxc5 bxc5 44. Ra1 d4+ 45. cxd4 cxd4+ 46. Kf3 Rg4 47. Ra5 d3 48. Ra3 Rg8 49. Rxd3 1-0

[Event "Edmonton Summer op"]
[Site "Edmonton CAN"]
[Date "2008.06.12"]
[Round "2"]
[White "Wu, Allan"]
[Black "Hughey, Micah"]
[Result "0-1"]
[WhiteElo "1880"]
[BlackElo "2187"]
[PlyCount "40"]
[GameId "2160767910350941"]
[EventDate "2008.05.06"]
[EventType "swiss"]
[EventRounds "4"]
[EventCountry "CAN"]
[SourceTitle "EXT 2011"]
[Source "ChessBase"]
[SourceDate "2011.11.26"]
[SourceVersion "1"]
[SourceVersionDate "2011.11.26"]
[SourceQuality "1"]

1. c4 e6 2. Nf3 d5 3. d4 c5 4. Nc3 cxd4 5. Qxd4 Nc6 6. Qd1 d4 7. Ne4 Nf6 8. Nxf6+ Qxf6 9. g3 e5 10. Bg2 e4 11. Ng5 Bb4+ 12. Kf1 e3 13. Ne4 Qe5 14. a3 Be7 15. fxe3 Bh3 16. Bxh3 Qxe4 17. Kf2 Rd8 18. exd4 Nxd4 19. Qa4+ b5 20. Qd1 Nc2 0-1

[Event "Edmonton Summer op"]
[Site "Edmonton CAN"]
[Date "2008.06.12"]
[Round "2"]
[White "Yamach, Ahmet"]
[Black "Haynes, Nicolas"]
[Result "0-1"]
[WhiteElo "1929"]
[BlackElo "2238"]
[PlyCount "96"]
[GameId "2160767910350942"]
[EventDate "2008.05.06"]
[EventType "swiss"]
[EventRounds "4"]
[EventCountry "CAN"]
[SourceTitle "EXT 2011"]
[Source "ChessBase"]
[SourceDate "2011.11.26"]
[SourceVersion "1"]
[SourceVersionDate "2011.11.26"]
[SourceQuality "1"]

1. d4 Nf6 2. c4 Nc6 3. Nc3 e5 4. d5 Ne7 5. e4 Ng6 6. g3 Bc5 7. Be3 Bxe3 8. fxe3 O-O 9. Bg2 Qe7 10. Qe2 b6 11. a3 a5 12. b3 h5 13. h3 c6 14. Qc2 Ba6 15. a4 Qb4 16. Nge2 b5 17. axb5 cxb5 18. cxb5 Bxb5 19. Kf2 Rfc8 20. Qb2 Bxe2 21. Nxe2 Nxe4+ 22. Bxe4 Qxe4 23. Nc3 Qd3 24. Rac1 Ra6 25. Rhd1 Rf6+ 26. Kg2 Qxe3 27. Re1 Qf3+ 28. Kh2 Qf2+ 29. Qxf2 Rxf2+ 30. Kg1 Rf3 31. Ne2 Rxc1 32. Rxc1 Rxb3 33. Rc8+ Nf8 34. Ra8 Rb5 35. d6 f6 36. Nc3 Rc5 37. Na4 Rd5 38. Ra6 Kf7 39. Nc3 Rd3 40. Ne4 f5 41. Nc5 Rxg3+ 42. Kh2 Ra3 43. Ra7 g5 44. Nxd7 Nxd7 45. Rxd7+ Ke6 46. Rg7 g4 47. Rg6+ Kd7 48. hxg4 hxg4 0-1

[Event "Edmonton Summer op"]
[Site "Edmonton CAN"]
[Date "2008.06.19"]
[Round "3"]
[White "Hughey, Micah"]
[Black "Haynes, Nicolas"]
[Result "1-0"]
[WhiteElo "2187"]
[BlackElo "2238"]
[PlyCount "43"]
[GameId "2160767910350943"]
[EventDate "2008.05.06"]
[EventType "swiss"]
[EventRounds "4"]
[EventCountry "CAN"]
[SourceTitle "EXT 2011"]
[Source "ChessBase"]
[SourceDate "2011.11.26"]
[SourceVersion "1"]
[SourceVersionDate "2011.11.26"]
[SourceQuality "1"]

1. e4 e6 2. d4 b6 3. c4 Bb7 4. Bd3 g6 5. Nc3 Bg7 6. Nf3 d6 7. Bg5 Ne7 8. Qd2 h6 9. Be3 Nd7 10. O-O-O c6 11. Kb1 Qc7 12. Rc1 e5 13. Rhd1 a6 14. Be2 Rd8 15. dxe5 dxe5 16. Qd6 Qxd6 17. Rxd6 Nc8 18. Rd2 f5 19. exf5 gxf5 20. Nh4 O-O 21. Rcd1 f4 22. Rxd7 1-0

[Event "Edmonton Summer op"]
[Site "Edmonton CAN"]
[Date "2008.06.19"]
[Round "3"]
[White "Laboucane, Randy"]
[Black "Ventura, Jason"]
[Result "1-0"]
[WhiteElo "1754"]
[BlackElo "1895"]
[PlyCount "33"]
[GameId "2160767910350944"]
[EventDate "2008.05.06"]
[EventType "swiss"]
[EventRounds "4"]
[EventCountry "CAN"]
[SourceTitle "EXT 2011"]
[Source "ChessBase"]
[SourceDate "2011.11.26"]
[SourceVersion "1"]
[SourceVersionDate "2011.11.26"]
[SourceQuality "1"]

1. d4 f5 2. Bg5 h6 3. Bh4 g5 4. e4 Bg7 5. Bc4 e6 6. exf5 gxh4 7. Qh5+ Kf8 8. fxe6 dxe6 9. Nf3 Bxd4 10. Nc3 Bxc3+ 11. bxc3 Qf6 12. O-O Nc6 13. Rad1 Nge7 14. Nxh4 Rg8 15. f4 Rg7 16. Bb5 a6 17. Rd8+ 1-0

[Event "Edmonton Summer op"]
[Site "Edmonton CAN"]
[Date "2008.06.19"]
[Round "3"]
[White "Mendryk, Wayne"]
[Black "Thompson, Peter"]
[Result "0-1"]
[WhiteElo "1380"]
[BlackElo "1760"]
[PlyCount "46"]
[GameId "2160767910350945"]
[EventDate "2008.05.06"]
[EventType "swiss"]
[EventRounds "4"]
[EventCountry "CAN"]
[SourceTitle "EXT 2011"]
[Source "ChessBase"]
[SourceDate "2011.11.26"]
[SourceVersion "1"]
[SourceVersionDate "2011.11.26"]
[SourceQuality "1"]

1. e4 c5 2. Nf3 d6 3. d4 cxd4 4. Nxd4 Nf6 5. Nc3 g6 6. f3 Bg7 7. Be3 a6 8. Bc4 Qc7 9. Bb3 O-O 10. Qd2 Nc6 11. Nxc6 bxc6 12. Bh6 Bb7 13. Bxg7 Kxg7 14. O-O-O Rad8 15. Qf2 d5 16. exd5 cxd5 17. g4 Qf4+ 18. Rd2 d4 19. Ne2 Qxf3 20. Rf1 Qxf2 21. Rxf2 Ne4 22. Rxf7+ Rxf7 23. Bxf7 Nxd2 0-1

[Event "Edmonton Summer op"]
[Site "Edmonton CAN"]
[Date "2008.06.19"]
[Round "3"]
[White "Razzaq, Ali"]
[Black "Yamach, Ahmet"]
[Result "1-0"]
[WhiteElo "1874"]
[BlackElo "1929"]
[PlyCount "49"]
[GameId "2160767910350947"]
[EventDate "2008.05.06"]
[EventType "swiss"]
[EventRounds "4"]
[EventCountry "CAN"]
[SourceTitle "EXT 2011"]
[Source "ChessBase"]
[SourceDate "2011.11.26"]
[SourceVersion "1"]
[SourceVersionDate "2011.11.26"]
[SourceQuality "1"]

1. d4 d5 2. c4 c6 3. Nf3 g6 4. Nc3 Bg7 5. Qb3 dxc4 6. Qxc4 Be6 7. Qa4 Nd7 8. Ng5 Bf5 9. Qb3 e6 10. e4 h6 11. exf5 hxg5 12. fxe6 fxe6 13. Qxe6+ Ne7 14. Bc4 Rf8 15. Ne4 Qa5+ 16. Bd2 Qb6 17. O-O Bxd4 18. Nd6+ Kd8 19. Ba5 Rf6 20. Bxb6+ Bxb6 21. Nxb7+ Ke8 22. Qe4 Kf8 23. Rad1 Nc5 24. Nxc5 Bxc5 25. Qe5 1-0